1739 1009 1448 1826 1973 1099 1635 1010 1464 1156 1231 1184 1858 1456 1535 1767 1471 1238 1167 1420 1431 1633 1710 1352 1513 1639 1056 1269 1618 1131 1372 1426 1675 1761 1728 1982 1701 1225 1257 1585 1086 1514 1046 1057 1509 1818 1086 1725 1908 1604 1667 1795 1199 1778 1598 1225 1587 1827 1522 1299 1072 1913 1360 1921 1122 1905 1109 1156 1720 1764 1298 1002 1728 1519 1713 1281 1936 1945 1831 1564 1389 1742 1168 1807 1833 1206 1559 1015 1038 1537 1353 1536 1011 1585 1345 1795 1618 1233 1435 BCNSPRNW ULIB Ver.6.0+V

เปลี่ยนเป็นภาษาไทย

Change to English
 แสดงรายละเอียดบรรณานุกรม
  กลับหน้าหลัก

Brief Record : Get Marc (ISO 2709) : E-mail record : QR code < ปิดหน้าต่าง
LEADER : 00000nam 2200000uu 4500
001    13399127373
003     ULIB
008    200513s2016||||th 000 0 tha d
020    ^a9781492501626
060 10 ^aQT255^bE78
245 00 ^aEssentials of strength training and conditioning /^cNational Strength and Conditioning Association ; G.Gregory Haff, N. Travis Triplett, editors
250    ^a4th ed.
260    ^aChampaign, IL :^bHuman Kinetics,^c2016
300    ^axvi, 735 p. :^bill. ;^c29 cm.
504    ^aIncludes bibliographical references and index
505 0  ^a^gStructure and function of body systems / N. TravisTriplett -- Biomechanics of resistance exercise / JeffreyM. McBride -- Bioenergetics of exercise and training /Trent J. Herda and Joel T. Cramer -- Endocrine responsesto resistance exercise / William J. Kraemer, Jakob L.Vingren, and Barry A. Spiering -- Adaptations to anaerobictraining programs / Duncan French -- Adaptations toaerobic endurance training programs / Ann Swank and CarwynSharp -- Age-and sex-related differences and theirimplications for resistance exercise / Rhodri S. Lloyd andAvery D. Faigenbaum -- Psychology of athletic preparationand performance / Traci A. Statler and Andrea M. DuBois --Basic nutritional factors in health / Marie Spano --Nutritional strategies to maximize performance / MarieSpano -- Performance-enhancing substances and methods /Bill Campbell -- Principles of test selection andadministration / Michael McGuigan -- Administration,scoring, and interpretation of selected tests / MichaelMcGuigan -- Warm-up and flexibility training / IanJeffreys -- Free-weight and machine exercise technique /Scott Caulfield -- Alternative modes and nontraditionalimplement exercise technique / G. Gregory Haff, DougBerninger, and Scott Caulfield -- Resistance trainingprogram design / Jeremy M. Sheppard and N. Travis Triplett-- Plyometric training program design and technique /David H. Potach and Donald A. Chu -- Speed and agilityprogram design and technique / Brad H. DeWeese and SophiaNimphius -- Aerobic endurance program design and technique/ Benjamin H. Reuter and J. Jay Dawes -- Periodization /G. Gregory Haff -- Rehabilitation and reconditioning /David H. Potach and Terry L. Grindstaff -- Facility design,layout, and organization / Andrea Hudy -- Facilitypolicies, procedures, and legal issues / Traci Statler andVictor Brown
650  2 ^aPhysical Education and Training^xmethods
650  2 ^aAthletic Performance^xphysiology
650  2 ^aPhysical Conditioning, Human^xphysiology
650  2 ^aPhysical Fitness^xphysiology
650  2 ^aResistance Training^xmethods
700 1  ^aHaff, Greg,^eed.
700 1  ^aTriplett, N. Travis,^d1964- ,^eed.
710 2  ^aNational Strength & Conditioning Association (U.S.),^eissuing body
945    ^p4420^l0^i007045
999    ^aอังศุธร กาญจนาโรจน์พันธ์
รายการนี้ยังไม่มีแท็ก
คุณยังไม่ได้ล็อกอิน คุณสามารถมีกิจกรรมร่วมกับเว็บไซต์ได้ แต่ต้องล็อกอินก่อน ::
  ล็อกอิน

รายการสื่อสารสนเทศ

ลำดับที่ ประเภท เลขเรียก/บาร์โค้ด สถานที่ สถานะ
1. วิทยาศาสตร์การแพทย์ และสุขภาพ
หนังสือสำรอง
สถานะ=หนังสือสำรอง
QT255 E78 ฉ.1 
  Barcode: 007045
ห้องสมุดวิทยาเขตสวรรค์ประชารักษ์
►หนังสือทั่วไป
บนชั้น

BibComment


ยังไม่เคยถูกคอมเมนท์

คอมเมนท์ทรัพยากรรายการนี้
  คอมเมนท์: Essentials of st..


 Copyright 2026. Bcnsprnw @Library